000 00678nam a2200277Ia 4500
005 20260324123644.0
008 008 260324s9999 xx 000 0 eng d
020 _a9780429477805
037 _aEBOOK
040 _aCRL
040 _beng
040 _cCRL
041 _2eng
041 _aeng
084 _qCRL
100 _aGeorges Pragier; Sergio Lewkowicz; Thierry Bokanowski
_91171141
245 0 _aOn Freud's Constructions in Analysis
260 _bTaylor and Francis
260 _c2011
365 _a
365 _b205
856 _uhttp://www.taylorfrancis.com/books/9780429477805
942 _cEBOOK
999 _c1764855
_d1764855